Normal view
MARC view
- السيرة النبوية- النبوات
Entry Topical Term
001 - CONTROL NUMBER
- control field: 41138
003 - CONTROL NUMBER IDENTIFIER
- control field: JO-AjAnu
005 - DATE AND TIME OF LATEST TRANSACTION
- control field: 20230606080832.0
008 - FIXED-LENGTH DATA ELEMENTS
- fixed length control field: 230606|| aca||aabn | a|a d
040 ## - CATALOGING SOURCE
- Original cataloging agency: JO-AjAnu
- Transcribing agency: JO-AjAnu
150 ## - HEADING--TOPICAL TERM
- Topical term or geographic name entry element: السيرة النبوية- النبوات
670 ## - SOURCE DATA FOUND
- Source citation: Work cat.: (JO-AjAnu)21083: الطبري، علي بن ربن ، تحقيق وتقديم عادل النويهض, author 41137, الدين والدولة في إثبات نبوة النبي محمد صلى الله عليه وسلم